都営交通局の駅 - Statistics

General Stats
  • This quiz has been taken 9 times
  • The average score is 111 of 148
Answer Stats
Answer % Correct
西馬込
100%
馬込
100%
中延
100%
戸越
100%
五反田
100%
高輪台
100%
泉岳寺
100%
三田
100%
大門
100%
東銀座
100%
宝町
100%
日本橋
100%
人形町
100%
東日本橋
100%
浅草橋
100%
蔵前
100%
浅草
100%
本所吾妻橋
100%
押上
100%
大手町
100%
白山
100%
高島平
100%
西高島平
100%
新宿
100%
新宿三丁目
100%
浜町
100%
本八幡
100%
飯田橋
100%
両国
100%
落合南長崎
100%
新橋
86%
目黒
86%
白金台
86%
白金高輪
86%
御成門
86%
内幸町
86%
神保町
86%
水道橋
86%
春日
86%
巣鴨
86%
西巣鴨
86%
新板橋
86%
板橋区役所前
86%
板橋本町
86%
志村坂上
86%
志村三丁目
86%
新高島平
86%
曙橋
86%
市ケ谷
86%
九段下
86%
小川町
86%
岩本町
86%
馬喰横山
86%
森下
86%
菊川
86%
住吉
86%
西大島
86%
大島
86%
東大島
86%
船堀
86%
一之江
86%
瑞江
86%
篠崎
86%
新宿西口
86%
東新宿
86%
牛込柳町
86%
牛込神楽坂
86%
本郷三丁目
86%
上野御徒町
86%
新御徒町
86%
清澄白河
86%
月島
86%
汐留
86%
赤羽橋
86%
国立競技場
86%
代々木
86%
西新宿五丁目
86%
東中野
86%
中井
86%
新江古田
86%
練馬
86%
豊島園
86%
練馬春日町
86%
光が丘
86%
芝公園
71%
日比谷
71%
本蓮沼
71%
蓮根
71%
西台
71%
若松河田
71%
門前仲町
71%
勝どき
71%
築地市場
71%
麻布十番
71%
六本木
71%
青山一丁目
71%
中野坂上
71%
東池袋四丁目
71%
学習院下
71%
早稲田
71%
千石
57%
三ノ輪橋
57%
荒川一中前
57%
荒川区役所前
57%
町屋駅前
57%
熊野前
57%
王子駅前
57%
飛鳥山
57%
大塚駅前
57%
日暮里
57%
西日暮里
57%
赤土小学校前
57%
舎人公園
57%
舎人
57%
見沼代親水公園
57%
小台
43%
荒川遊園地前
43%
荒川車庫前
43%
都電雑司ヶ谷
43%
鬼子母神前
43%
足立小台
43%
扇大橋
43%
西新井大師西
43%
荒川二丁目
29%
荒川七丁目
29%
町屋二丁目
29%
梶原
29%
栄町
29%
滝野川一丁目
29%
西ケ原四丁目
29%
新庚申塚
29%
庚申塚
29%
巣鴨新田
29%
向原
29%
面影橋
29%
高野
29%
谷在家
29%
東尾久三丁目
14%
宮ノ前
14%
江北
14%
No matching quizzes found
Score Distribution
Percent of People with Each Score
Percentile by Number Answered
Your Score History
You have not taken this quiz